| 000 | 00530nam a22001937a 4500 | ||
|---|---|---|---|
| 999 |
_c521 _d521 |
||
| 003 | OSt | ||
| 005 | 20201015145850.0 | ||
| 008 | 160414b xxu||||| |||| 00| 0 eng d | ||
| 040 |
_aMMU _beng _cMMU _dMMU |
||
| 050 | _aRA564. 8 .C628 1991 | ||
| 100 | _aDenham, Michael J. | ||
| 245 |
_aCare of the long-stay elderly patient / _cMichael J. Denham. |
||
| 250 | _a2nd ed. | ||
| 260 |
_aLondon: _bChapman, _c1991. |
||
| 300 | _a320 p. : | ||
| 500 | _aincludes index | ||
| 650 | _aElderly patient | ||
| 942 |
_2lcc _cLOAN LOAN _e2nd ed. |
||